LEADER 01308nam 2200385 450 001 000011614 005 20050718115400.0 010 $a0-8176-3759-1 100 $a20020916d1994----km-y0itay0103----ba 101 0 $aeng 102 $aUS 200 1 $a<> concise introduction to the theory of integration$fDaniel W. Stroock 205 $a2. ed. 210 $aBoston [etc.]$cBirkhäuser$d1994 215 $aVIII, 184 p.$d26 cm. 606 $aCalcolo integrale 606 $aMisura$xTeoria 676 $a512.4$v(20. ed.)$9Algebra astratta. Anelli, campi d'integritą, ideali 691 $a28-xx$9Measure and integration 700 1$aStroock,$bDaniel W.$042628 801 0$aIT$bUniversitą della Basilicata - B.I.A.$gRICA$2unimarc 912 $a000011614 996 $aConcise introduction to the theory of integration$979460 997 $aUNIBAS BAS $aMONSCI BAS $aMONOGR BAS $aSCIENZE CAT $aEXT002$b01$c20020916$lBAS01$h0955 CAT $c20050601$lBAS01$h1754 CAT $abatch$b01$c20050718$lBAS01$h1051 CAT $c20050718$lBAS01$h1110 CAT $c20050718$lBAS01$h1140 CAT $c20050718$lBAS01$h1154 FMT Z30 -1$lBAS01$LBAS01$mBOOK$1BASA5$ADipartimento Matematica$2GEN$BCollezione generale$3MAT$64239$5M4239$820020916$f51$FRiservati LEADER 02676nam 2200877 a 450 001 9910966314503321 005 20241226111306.0 010 $a9786612560149 010 $a9781412922289 010 $a1412922283 010 $a9781857023046 010 $a1857023048 010 $a9781446243572 010 $a1446243575 010 $a9781282560147 010 $a128256014X 010 $a9781849727372 010 $a1849727376 010 $a9780857023049 010 $a0857023047 035 $a(CKB)2520000000008616 035 $a(EBL)483310 035 $a(OCoLC)609855723 035 $a(SSID)ssj0000362199 035 $a(PQKBManifestationID)11925499 035 $a(PQKBTitleCode)TC0000362199 035 $a(PQKBWorkID)10363113 035 $a(PQKB)10279668 035 $a(OCoLC)714030472 035 $a(CaBNVSL)slc00226544 035 $a(Credo)sageuksport2008 035 $a(Credo)9781849727372 035 $a(StDuBDS)EDZ0000077495 035 $a(Au-PeEL)EBL483310 035 $a(CaPaEBR)ebr10369643 035 $a(CaONFJC)MIL256014 035 $a(FINmELB)ELB133652 035 $a(PPN)241551862 035 $a(FR-PaCSA)88874893 035 $a(MiAaPQ)EBC483310 035 $a229182 035 $a(FRCYB88874893)88874893 035 $a(EXLCZ)992520000000008616 100 $a20120418d2008 fy 0 101 0 $aeng 135 $aur||||||||||| 181 $ctxt 182 $cc 183 $acr 200 00$aKey concepts in sport & exercise sciences /$fDavid Kirk ... [et al.] 205 $a1st ed. 210 $aLos Angeles, [Calif.] ;$aLondon $cSAGE$dc2008 210 1$aLos Angeles :$cSAGE,$d2008. 215 $a1 online resource (ix, 148 p.) $cill 225 1 $aSAGE key concepts 300 $aDescription based upon print version of record. 311 08$a9781446213650 311 08$a144621365X 311 08$a9781412922272 311 08$a1412922275 320 $aIncludes bibliographical references. 327 $apt. 1. Biomechanics -- pt. 2. Exercise physiology -- pt. 3. Pedagogy -- pt. 4. Psychology -- pt. 5. Sociology. 330 8 $aThis title provides students and academics with a fail-safe guide to the key concepts in the field of sport and exercise science. 410 0$aSAGE Key Concepts series 517 3 $aSport & exercise sciences 606 $aSports sciences 615 0$aSports sciences. 676 $a796.01 676 $a796.015 701 $aKirk$b David$f1958-$0323316 801 0$bStDuBDS 801 1$bStDuBDS 906 $aBOOK 912 $a9910966314503321 996 $aKey concepts in sport & exercise sciences$94340943 997 $aUNINA